|
|
|
|
| LEADER |
00000nam a2200000 a 4500 |
| 001 |
UCX2140 |
| 003 |
CL-VaPUC |
| 008 |
910326e19680000BO |||||||||||||||||spa|d |
| 082 |
0 |
4 |
|a 984.051
|b KLE
|2 21
|
| 100 |
|
|
|a Klein, Herbert S
|e author
|9 561835
|
| 245 |
1 |
0 |
|a Origenes de la revolución nacional boliviana: la crisis de la generación del Chaco
|
| 300 |
|
|
|a 440 p
|
| 942 |
|
|
|c BK
|
| 945 |
|
|
|d 19910326 00:00:00
|
| 260 |
|
|
|a La Paz
|b Juventud
|c 1968
|
| 650 |
|
0 |
|a Historia
|9 255047
|
| 651 |
|
0 |
|a Bolivia
|9 255454
|
| 583 |
|
|
|a last modification
|c 19910326 00:00:00
|k Rodrigo Vera
|
| 999 |
|
|
|c 223224
|d 223222
|
| 952 |
|
|
|0 0
|1 0
|4 0
|6 984_051000000000000_KLE_1968
|7 0
|8 A
|9 218803
|a BIBHIS
|b BIBHIS
|d 2019-11-15
|i 2876167
|l 2
|o 984.051 KLE 1968
|p 2876167
|r 2025-01-20
|s 2024-06-24
|w 2019-11-15
|y BK
|k HIS
|